Missing Word: 1980s 'F' Song Endings Quiz Stats

 Plays Quiz Updated Aug 20, 2017

Support Sporcle.
Go Orange.
Score 0/16 Timer 04:00
3 Plays Today
Song Missing Word % Correct
We Didn't Start the _____Fire
96.2%
Flashdance...What a _____Feeling
92.5%
Twist of _____Fate
91.9%
I Want to Break _____Free
88.5%
Eyes Without a _____Face
82.1%
The Next Time I _____Fall
68%
Dr. _____Feelgood
67%
Get on Your _____Feet
65.9%
Song Missing Word % Correct
Close My Eyes _____Forever
65.7%
Waiting on a _____Friend
59.7%
Pac-Man _____Fever
55%
Kissing a _____Fool
50.4%
I Will _____Follow
39.7%
Games Without _____Frontiers
38.7%
True _____Faith
30.6%
Closer to _____Fine
26.7%

Today's Daily Dose

Missing Word
Inventors

Word Ladder
Feud Chain

Get the Picture
Domestic Movie Titles

From the Vault

Top Grossing R Rated

by schredder

Movies 5m
Under 17 requires accompanying parent or adult guardian.
Remove Ads.
Support Sporcle.
Get the best of Sporcle when you Go Orange. This ad-free experience offers more features, more stats, and more fun while also helping to support Sporcle. Thank you for becoming a member.

Show Comments

Extras

Top Quizzes Today


Score Distribution

Your Account Isn't Verified!

In order to create a playlist on Sporcle, you need to verify the email address you used during registration. Go to your Sporcle Settings to finish the process.

Report this User

Report this user for behavior that violates our Community Guidelines.

Details: